[Event "PNWCC-Bulgaria Hybrid m2"]
[Site "Chess.com INT"]
[Date "2021.12.22"]
[Round "9"]
[White "Bratanov, Zsivko"]
[Black "Li, Eric"]
[Result "1-0"]
[WhiteElo "2375"]
[BlackElo "2341"]
[PlyCount "125"]
[EventDate "2021.12.18"]
[EventType "team-match"]
[EventRounds "12"]
[EventCountry "USA"]
[SourceTitle "CBM 206 Extra"]
[Source "ChessBase"]
[SourceDate "2022.03.31"]
[SourceVersion "1"]
[SourceVersionDate "2022.03.31"]
[SourceQuality "1"]
[WhiteTeam "Bulgaria"]
[BlackTeam "PNWCC"]
[WhiteTeamCountry "BUL"]
[BlackTeamCountry "USA"]

1. e4 e5 2. Nf3 Nc6 3. Bc4 Bc5 4. c3 Nf6 5. d4 exd4 6. cxd4 Bb4+ 7. Bd2 Nxe4 8. Bxb4 Nxb4 9. Bxf7+ Kxf7 10. Qb3+ d5 11. Ne5+ Ke6 12. Qxb4 c5 13. Qa3 cxd4 14. Nf3 Qb6 15. 0-0 Re8 16. Qa4 Bd7 17. Qxd4 Qxd4 18. Nxd4+ Ke5 19. Rd1 Rac8 20. f3 Rc4 21. Nb3 Nd6 22. Nc3 Be6 23. Rd3 Rcc8 24. Re1+ Kf6 25. Nxd5+ Bxd5 26. Rxe8 Rxe8 27. Rxd5 Nc4 28. Nd2 Ke6 29. Rd3 Nxb2 30. Rb3 Na4 31. Rxb7 Re7 32. Rb5 Nc3 33. Ra5 Rb7 34. Nb3 Kf6 35. Ra6+ Rb6 36. Rxa7 Nxa2 37. Nc5 Rb1+ 38. Kf2 Rb2+ 39. Kg3 Nc3 40. Ra6+ Kf5 41. Ne6 Ne2+ 42. Kh4 Nf4 43. Nxg7+ Ke5 44. Ra5+ Kd6 45. g4 Rg2 46. Nf5+ Ke6 47. Ra4 Ne2 48. h3 Rf2 49. Ra3 Ke5 50. Kg5 Ng1 51. f4+ Rxf4 52. Ra5+ Ke4 53. Nd6+ Kf3 54. Ra3+ Kg2 55. Kxf4 Nxh3+ 56. Kf5 Nf2 57. Ne4 Nd1 58. Ng5 h6 59. Nf7 Nb2 60. Ra2 Kg3 61. Rxb2 Kh4 62. Rh2+ Kg3 63. Rh5 1-0

[Event "PNWCC-Bulgaria Hybrid m2"]
[Site "Chess.com INT"]
[Date "2021.12.18"]
[Round "1"]
[White "Dixit, Arun"]
[Black "Bratanov, Zsivko"]
[Result "1/2-1/2"]
[WhiteElo "2175"]
[BlackElo "2375"]
[PlyCount "91"]
[EventDate "2021.12.18"]
[EventType "team-match"]
[EventRounds "12"]
[EventCountry "USA"]
[SourceTitle "CBM 206 Extra"]
[Source "ChessBase"]
[SourceDate "2022.03.31"]
[SourceVersion "1"]
[SourceVersionDate "2022.03.31"]
[SourceQuality "1"]
[WhiteTeam "PNWCC"]
[BlackTeam "Bulgaria"]
[WhiteTeamCountry "USA"]
[BlackTeamCountry "BUL"]

1. d4 d6 2. c4 e5 3. d5 Be7 4. Nc3 a5 5. g3 Na6 6. Bg2 Nc5 7. b3 f5 8. Qc2 Nf6 9. Rb1 0-0 10. a3 Bd7 11. b4 axb4 12. axb4 Nce4 13. Nf3 Qe8 14. Ng5 Nxg5 15. Bxg5 Qh5 16. h4 f4 17. Bxf6 gxf6 18. Bf3 Qg6 19. Qxg6+ hxg6 20. gxf4 exf4 21. Nb5 Bxb5 22. cxb5 f5 23. Rc1 Rfc8 24. e4 fxe3 25. fxe3 Bf6 26. Rc4 Re8 27. Kf2 Ra2+ 28. Be2 Re7 29. Rg1 Kg7 30. h5 g5 31. Rgc1 Ra3 32. e4 fxe4 33. Rxc7 Bd4+ 34. Kg2 Rxc7 35. Rxc7+ Kh6 36. Re7 Ra2 37. Re6+ Kh7 38. Rxe4 Be5 39. Kf3 Kg7 40. Rc4 Kf6 41. Bd3 Rh2 42. Bg6 Rh3+ 43. Kg2 Rh2+ 44. Kf3 Rh3+ 45. Kg2 Rh2+ 46. Kf3 1/2-1/2

[Event "PNWCC-Bulgaria Hybrid"]
[Site "Chess.com INT"]
[Date "2021.08.28"]
[Round "2"]
[White "Bratanov, Zsivko"]
[Black "Peng, Shunkai"]
[Result "0-1"]
[WhiteElo "2375"]
[BlackElo "2296"]
[PlyCount "68"]
[EventDate "2021.08.28"]
[EventType "team-match"]
[EventRounds "4"]
[EventCountry "USA"]
[SourceTitle "CBM 204 Extra"]
[Source "ChessBase"]
[SourceDate "2021.11.30"]
[SourceVersion "1"]
[SourceVersionDate "2021.11.30"]
[SourceQuality "1"]
[WhiteTeam "Bulgaria"]
[BlackTeam "PNWCC"]
[WhiteTeamCountry "BUL"]
[BlackTeamCountry "USA"]

1. e4 c5 2. Nf3 d6 3. d4 Nf6 4. Nc3 cxd4 5. Nxd4 a6 6. Be3 e5 7. Nb3 Be6 8. f3 Be7 9. Qd2 0-0 10. 0-0-0 Nbd7 11. g4 b5 12. g5 b4 13. gxf6 bxc3 14. Qxc3 Nxf6 15. Kb1 a5 16. Nc5 Qc8 17. Na4 Qb7 18. Nb6 Rab8 19. Bc4 Bxc4 20. Qxc4 Nd7 21. Na4 Rfc8 22. Qb3 Qc6 23. Qa3 Rb4 24. b3 d5 25. c3 Rxe4 26. Qxe7 Rxe3 27. Rhf1 h6 28. Rde1 Rxe1+ 29. Rxe1 d4 30. f4 dxc3 31. fxe5 c2+ 32. Kc1 Nf8 33. Qd6 Qf3 34. Nb6 Rc6 0-1

[Event "Bundesliga 1617"]
[Site "Germany"]
[Date "2017.03.19"]
[Round "10.2"]
[White "Bratanov, Zsivko"]
[Black "Werle, Jan"]
[Result "1/2-1/2"]
[WhiteElo "2409"]
[BlackElo "2555"]
[PlyCount "56"]
[EventDate "2016.10.15"]
[EventType "team-tourn"]
[EventRounds "15"]
[EventCountry "GER"]
[SourceTitle "CBM 178"]
[Source "ChessBase"]
[SourceDate "2017.05.14"]
[SourceVersion "1"]
[SourceVersionDate "2017.05.14"]
[SourceQuality "1"]
[WhiteTeam "Schwegenheim"]
[BlackTeam "Werder Bremen"]
[WhiteTeamCountry "GER"]
[BlackTeamCountry "GER"]

1. d4 Nf6 2. c4 e6 3. Nc3 Bb4 4. e3 0-0 5. Bd3 d5 6. Nge2 c5 7. cxd5 cxd4 8. exd4 Nxd5 9. 0-0 Nc6 10. Nxd5 Qxd5 11. a3 Be7 12. Be3 Bf6 13. Qc2 h6 14. Rfd1 Qd8 15. Bh7+ Kh8 16. Be4 Bd7 17. Nc3 Rc8 18. d5 exd5 19. Rxd5 Qe8 20. Bxh6 gxh6 21. Qd2 Bg5 22. Rxg5 hxg5 23. Qxg5 Qe6 24. Qh4+ Kg7 25. Qg5+ Kh8 26. Qh5+ Kg7 27. Qh7+ Kf6 28. Qh4+ Kg7 1/2-1/2

[Event "Oberliga Sued W 1314"]
[Site "Germany"]
[Date "2014.02.09"]
[Round "6.1"]
[White "Bratanov, Zsivko"]
[Black "Schluchter, Steffen"]
[Result "1/2-1/2"]
[WhiteElo "2435"]
[BlackElo "2151"]
[PlyCount "103"]
[EventDate "2013.10.13"]
[EventType "team-tourn"]
[EventRounds "9"]
[EventCountry "GER"]
[SourceTitle "EXT 2015"]
[Source "ChessBase"]
[SourceDate "2014.11.20"]
[SourceVersion "1"]
[SourceVersionDate "2014.11.20"]
[SourceQuality "1"]
[WhiteTeam "Schwegenheim"]
[BlackTeam "Worms"]
[WhiteTeamCountry "GER"]
[BlackTeamCountry "GER"]

1. d4 Nf6 2. c4 c5 3. e3 e6 4. Nf3 d5 5. a3 cxd4 6. exd4 Be7 7. Nc3 0-0 8. cxd5 Nxd5 9. Bd3 Nd7 10. 0-0 N7f6 11. Ne5 a6 12. Qf3 Qd6 13. Qg3 Nxc3 14. bxc3 Re8 15. a4 Bd7 16. Bf4 Nd5 17. Qh3 f5 18. Bg3 Nxc3 19. Nc4 Qc6 20. Rfc1 Ne4 21. Ne3 Qb6 22. Bxe4 fxe4 23. Be5 Rac8 24. Rcb1 Qc6 25. a5 Bd6 26. Qg3 Bxe5 27. Qxe5 Kh8 28. h4 Kg8 29. Rb6 Qc3 30. Rab1 Qc7 31. Qxc7 Rxc7 32. Rxb7 Rxb7 33. Rxb7 Bb5 34. Rb6 Rd8 35. Rxe6 Rxd4 36. Kh2 Ra4 37. Kg3 Kf7 38. Re5 Kf6 39. Kf4 Rxa5 40. Nd5+ Kf7 41. Nc3 Ra3 42. Nxe4 h6 43. Rc5 Bf1 44. Rc7+ Kf8 45. g3 Bg2 46. Nc5 Rf3+ 47. Kg4 Rxf2 48. Ne6+ Kg8 49. Rxg7+ Kh8 50. Rd7 Bf3+ 51. Kh3 Bg2+ 52. Kg4 1/2-1/2

[Event "Oberliga Sued W 1314"]
[Site "Germany"]
[Date "2013.11.24"]
[Round "3.1"]
[White "Ovsejevitsch, Sergei"]
[Black "Bratanov, Zsivko"]
[Result "1-0"]
[WhiteElo "2562"]
[BlackElo "2435"]
[PlyCount "89"]
[EventDate "2013.10.13"]
[EventType "team-tourn"]
[EventRounds "9"]
[EventCountry "GER"]
[SourceTitle "EXT 2015"]
[Source "ChessBase"]
[SourceDate "2014.11.20"]
[SourceVersion "1"]
[SourceVersionDate "2014.11.20"]
[SourceQuality "1"]
[WhiteTeam "Gau Algesheim"]
[BlackTeam "Schwegenheim"]
[WhiteTeamCountry "GER"]
[BlackTeamCountry "GER"]

1. d4 Nf6 2. c4 e6 3. Nf3 b6 4. Nc3 Bb7 5. Qd3 d5 6. cxd5 Nxd5 7. e4 Nxc3 8. bxc3 c5 9. Qb5+ Nd7 10. Bd3 Be7 11. 0-0 0-0 12. a4 Qc7 13. Bf4 Bd6 14. Bg5 c4 15. Bc2 e5 16. Rad1 Rfe8 17. Qb1 Nf8 18. Bh4 Ng6 19. Bg3 f6 20. Nd2 Ba6 21. Rfe1 Rab8 22. Nf1 b5 23. axb5 Rxb5 24. Qc1 Reb8 25. Ne3 Ra5 26. Nd5 Qf7 27. h4 Ne7 28. dxe5 fxe5 29. Nb4 Bxb4 30. cxb4 Rab5 31. Rd7 Rxb4 32. Qg5 R4b7 33. Red1 h6 34. Qxe5 Re8 35. Rd8 Bb5 36. Rxe8+ Qxe8 37. Qe6+ Kh8 38. Rd6 Ng8 39. Qxe8 Bxe8 40. Rd8 Rb2 41. Bd1 Bc6 42. Bg4 c3 43. Be6 c2 44. Rxg8+ Kh7 45. Rxg7+ 1-0

[Event "BUL-chT GpA 63rd"]
[Site "Sunny Beach"]
[Date "2013.09.23"]
[Round "5.5"]
[White "Bratanov, Zsivko"]
[Black "Lalev, Dimitar"]
[Result "0-1"]
[WhiteElo "2435"]
[BlackElo "2376"]
[PlyCount "68"]
[EventDate "2013.09.19"]
[EventType "team-tourn"]
[EventRounds "7"]
[EventCountry "BUL"]
[SourceTitle "CBM 156 Extra"]
[Source "ChessBase"]
[SourceDate "2013.10.22"]
[SourceVersion "1"]
[SourceVersionDate "2013.10.22"]
[SourceQuality "1"]
[WhiteTeam "Plovdiv Lokomotiv 2000"]
[BlackTeam "Plovdiv Lokomotiv"]
[WhiteTeamCountry "BUL"]
[BlackTeamCountry "BUL"]

1. c4 c5 2. g3 Nc6 3. Bg2 g6 4. Nc3 Bg7 5. a3 d6 6. d3 e6 7. e4 Nge7 8. Nge2 Qd7 9. Be3 Nd4 10. Rb1 b6 11. 0-0 Bb7 12. b4 0-0 13. Qd2 f5 14. Bh6 Nec6 15. Bxg7 Qxg7 16. f4 Nxe2+ 17. Nxe2 Nd4 18. Nc3 Rae8 19. Rbe1 Kh8 20. h4 e5 21. Kh2 exf4 22. Rxf4 Qh6 23. exf5 Bxg2 24. Kxg2 gxf5 25. Nd5 Re5 26. Rxe5 dxe5 27. Rf2 f4 28. Kh1 Rg8 29. Rg2 Qe6 30. Nxf4 exf4 31. Qxf4 Qh3+ 32. Kg1 Ne2+ 33. Rxe2 Rxg3+ 34. Kf2 Qh2+ 0-1

[Event "BUL-chT GpA 63rd"]
[Site "Sunny Beach"]
[Date "2013.09.22"]
[Round "4.5"]
[White "Bojkov, Dejan"]
[Black "Bratanov, Zsivko"]
[Result "1-0"]
[WhiteElo "2505"]
[BlackElo "2435"]
[PlyCount "73"]
[EventDate "2013.09.19"]
[EventType "team-tourn"]
[EventRounds "7"]
[EventCountry "BUL"]
[SourceTitle "CBM 156 Extra"]
[Source "ChessBase"]
[SourceDate "2013.10.22"]
[SourceVersion "1"]
[SourceVersionDate "2013.10.22"]
[SourceQuality "1"]
[WhiteTeam "Razgrad Abritus"]
[BlackTeam "Plovdiv Lokomotiv 2000"]
[WhiteTeamCountry "BUL"]
[BlackTeamCountry "BUL"]

1. e4 e6 2. d4 d5 3. Nc3 dxe4 4. Nxe4 Nd7 5. Nf3 Ngf6 6. Bd3 c5 7. 0-0 cxd4 8. Nxd4 Be7 9. c3 Nxe4 10. Bxe4 Nf6 11. Bf3 e5 12. Nb5 0-0 13. Qxd8 Rxd8 14. Re1 Bg4 15. Bxg4 Nxg4 16. h3 a6 17. Nc7 Rac8 18. Nxa6 Nf6 19. Nb4 Bxb4 20. cxb4 Rc2 21. a4 Rdc8 22. b5 h6 23. b3 Nd5 24. Ba3 f6 25. Rec1 Kf7 26. Rxc2 Rxc2 27. a5 Rc8 28. a6 Ke6 29. a7 Ra8 30. Bf8 Kf7 31. Bd6 b6 32. Bb8 Nc3 33. Ra6 Nd5 34. Ra2 Ke6 35. Rc2 h5 36. Rc6+ Ke7 37. Rd6 1-0

[Event "BUL-chT-A 62nd"]
[Site "Sunny Beach"]
[Date "2012.09.19"]
[Round "1.5"]
[White "Ivanov, Jordan"]
[Black "Bratanov, Zsivko"]
[Result "1/2-1/2"]
[WhiteElo "2381"]
[BlackElo "2444"]
[PlyCount "61"]
[EventDate "2012.09.19"]
[EventType "team-tourn"]
[EventRounds "7"]
[EventCountry "BUL"]
[SourceTitle "CBM 150 Extra"]
[Source "ChessBase"]
[SourceDate "2012.10.19"]
[SourceVersion "1"]
[SourceVersionDate "2012.10.19"]
[SourceQuality "1"]
[WhiteTeam "Sofia Lokomotiv"]
[BlackTeam "Plovdiv Lokomotiv 2000"]
[WhiteTeamCountry "BUL"]
[BlackTeamCountry "BUL"]

1. d4 Nf6 2. c4 e6 3. Nc3 Bb4 4. e3 b6 5. Bd3 Bb7 6. Nf3 Ne4 7. 0-0 Bxc3 8. bxc3 0-0 9. Ne1 f5 10. f3 Nf6 11. Qe2 d6 12. Nc2 Nbd7 13. a4 Be4 14. a5 e5 15. axb6 axb6 16. fxe4 fxe4 17. Bxe4 Nxe4 18. Rxf8+ Qxf8 19. Rxa8 Qxa8 20. Qd3 h6 21. Ba3 Ndf6 22. h3 Kh8 23. dxe5 dxe5 24. Be7 Qe8 25. Bxf6 Nxf6 26. Nb4 Qe7 27. Nd5 Qd8 28. Qf5 Nxd5 29. cxd5 Qxd5 30. Qc8+ Kh7 31. Qxc7 1/2-1/2

[Event "Kesarovski Georgiev Memorial 11th"]
[Site "Sunny Beach"]
[Date "2012.09.06"]
[Round "6"]
[White "Yarmysty, Mikhail"]
[Black "Bratanov, Zsivko"]
[Result "1-0"]
[WhiteElo "2363"]
[BlackElo "2444"]
[PlyCount "83"]
[EventDate "2012.09.01"]
[EventType "swiss"]
[EventRounds "9"]
[EventCountry "BUL"]
[SourceTitle "CBM 150 Extra"]
[Source "ChessBase"]
[SourceDate "2012.10.19"]
[SourceVersion "1"]
[SourceVersionDate "2012.10.19"]
[SourceQuality "1"]

1. e4 g6 2. d4 Bg7 3. Nc3 d6 4. h3 Nf6 5. g4 h5 6. g5 Nfd7 7. Bg2 c5 8. d5 b5 9. Nxb5 Qa5+ 10. Nc3 Bxc3+ 11. bxc3 Ba6 12. Ne2 Bxe2 13. Kxe2 Na6 14. f4 Qxc3 15. Rb1 Nb4 16. Bb2 Qc4+ 17. Kf3 0-0 18. c3 Nd3 19. Bf1 N3e5+ 20. fxe5 Nxe5+ 21. Ke3 Qxa2 22. Be2 a5 23. c4 Nxc4+ 24. Bxc4 Qxc4 25. Qd3 Qa4 26. Ra1 Qd7 27. Qc3 f6 28. Raf1 Kh7 29. gxf6 e5 30. dxe6 Qxe6 31. f7 Rxf7 32. Rxf7+ Qxf7 33. Rf1 Qd7 34. Qb3 Kh6 35. Qf7 Qxf7 36. Rxf7 Rb8 37. Bg7+ Kh7 38. Bc3+ Kg8 39. Rd7 Rb6 40. Bxa5 Ra6 41. Bc3 Kf8 42. h4 1-0

[Event "Kesarovski Georgiev Memorial 11th"]
[Site "Sunny Beach"]
[Date "2012.09.04"]
[Round "4"]
[White "Doncea, Vladimir"]
[Black "Bratanov, Zsivko"]
[Result "1-0"]
[WhiteElo "2404"]
[BlackElo "2444"]
[PlyCount "99"]
[EventDate "2012.09.01"]
[EventType "swiss"]
[EventRounds "9"]
[EventCountry "BUL"]
[SourceTitle "CBM 150 Extra"]
[Source "ChessBase"]
[SourceDate "2012.10.19"]
[SourceVersion "1"]
[SourceVersionDate "2012.10.19"]
[SourceQuality "1"]

1. d4 Nf6 2. c4 e6 3. Nf3 b6 4. g3 Bb7 5. Bg2 Bb4+ 6. Bd2 a5 7. 0-0 0-0 8. Bg5 Be7 9. Qd3 d5 10. cxd5 Nxd5 11. Bxe7 Qxe7 12. Rc1 Rd8 13. Na3 c5 14. dxc5 bxc5 15. Qb5 Na6 16. Ne5 Qc7 17. Nd3 Rdc8 18. Qc4 Qb6 19. Qh4 h6 20. Nc4 Qc7 21. Nce5 Ndb4 22. Bxb7 Qxb7 23. a3 Nxd3 24. Nxd3 Rd8 25. Rc4 Rd5 26. Rac1 Rad8 27. Qe4 Qb6 28. Kg2 Rd4 29. Rxd4 Rxd4 30. Qa8+ Rd8 31. Qf3 Rd5 32. Qe4 Rd4 33. Qa8+ Rd8 34. Qf3 Rd5 35. Rc4 g6 36. Qf6 Qb7 37. f3 Qd7 38. Ne5 Qe8 39. Ng4 Qf8 40. Qc3 Rf5 41. Nf6+ Kh8 42. g4 Rxf6 43. Qxf6+ Kg8 44. Qc3 Qd8 45. Qd3 Qb6 46. Rc2 Nc7 47. Qd8+ Kg7 48. Rd2 Qb7 49. Qe7 Qc6 50. Rd7 1-0

[Event "BL2-Sued 1112"]
[Site "Germany"]
[Date "2012.03.18"]
[Round "8.2"]
[White "Latzke, Boris Alexander"]
[Black "Bratanov, Zsivko"]
[Result "0-1"]
[WhiteElo "2257"]
[BlackElo "2450"]
[PlyCount "86"]
[EventDate "2011.10.02"]
[EventType "team-tourn"]
[EventRounds "9"]
[EventCountry "GER"]
[SourceTitle "EXT 2015"]
[Source "ChessBase"]
[SourceDate "2014.11.20"]
[SourceVersion "1"]
[SourceVersionDate "2014.11.20"]
[SourceQuality "1"]
[WhiteTeam "Bebenhausen"]
[BlackTeam "Schwegenheim"]
[WhiteTeamCountry "GER"]
[BlackTeamCountry "GER"]

1. d4 d5 2. c4 c6 3. Nf3 Nf6 4. Nc3 e6 5. cxd5 exd5 6. Qc2 Be7 7. Bg5 g6 8. e3 Bf5 9. Bd3 Bxd3 10. Qxd3 Nbd7 11. 0-0 0-0 12. h3 Re8 13. Qc2 Nb6 14. Ne5 Nfd7 15. Bf4 Bf8 16. Nd3 Nc4 17. b3 Nd6 18. Na4 Ne4 19. f3 Nd6 20. Nac5 Nxc5 21. Nxc5 b6 22. Nd3 Rc8 23. Rac1 Nf5 24. Rfe1 c5 25. dxc5 bxc5 26. e4 Nd4 27. Qd2 c4 28. bxc4 dxc4 29. Nf2 Ne6 30. Red1 Qxd2 31. Bxd2 Ba3 32. Rc3 Bb4 33. Rcc1 c3 34. Be3 c2 35. Rd3 Red8 36. Kf1 Rxd3 37. Nxd3 Ba3 38. Re1 Rd8 39. Ke2 Nd4+ 40. Kf2 Nxf3 41. gxf3 Rxd3 42. Bc1 Bc5+ 43. Ke2 Ra3 0-1

[Event "Plovdiv Tringov Memorial 34th"]
[Site "Plovdiv"]
[Date "2012.01.31"]
[Round "4"]
[White "Kolev, Atanas Tonchev"]
[Black "Bratanov, Zsivko"]
[Result "1/2-1/2"]
[WhiteElo "2049"]
[BlackElo "2459"]
[PlyCount "114"]
[EventDate "2012.01.29"]
[EventType "swiss"]
[EventRounds "9"]
[EventCountry "BUL"]
[SourceTitle "CBM 146 Extra"]
[Source "ChessBase"]
[SourceDate "2012.02.29"]
[SourceVersion "1"]
[SourceVersionDate "2012.02.29"]
[SourceQuality "1"]

1. d4 Nf6 2. Nf3 e6 3. c4 b6 4. g3 Bb7 5. Bg2 Bb4+ 6. Nbd2 0-0 7. 0-0 d5 8. Ne5 Nbd7 9. Nd3 Bd6 10. cxd5 exd5 11. Nf3 Re8 12. Bf4 Bf8 13. Rc1 c5 14. dxc5 bxc5 15. b3 a5 16. Nfe5 a4 17. Nxd7 Nxd7 18. Be3 Qb6 19. Nb2 d4 20. Nc4 Qa6 21. Bxb7 Qxb7 22. Bf4 Ra6 23. e3 Qd5 24. exd4 cxd4 25. Ne3 Qe4 26. f3 Qe6 27. Qxd4 axb3 28. axb3 Ra5 29. b4 Rb5 30. Nc2 Rd5 31. Qf2 Ne5 32. Bxe5 Rxe5 33. Rfe1 Qc4 34. Rxe5 Rxe5 35. Qd4 Qc7 36. Qd2 g6 37. Kg2 Qc4 38. Nd4 Qd5 39. Qc3 h5 40. Qc4 Qd7 41. h4 Rd5 42. Nb3 Rd3 43. Rc2 Qf5 44. Rf2 Rd1 45. Nd2 Qe5 46. Ne4 Rd4 47. Qa2 Be7 48. Re2 Bxb4 49. Ng5 Qf6 50. Qa8+ Kg7 51. Qb7 Rd2 52. Rxd2 Bxd2 53. Nxf7 Kg8 54. Qd5 Qxf7 55. Qxd2 Qe6 56. Qd8+ Kf7 57. Qc7+ Kg8 1/2-1/2

[Event "BL2-Sued 1112"]
[Site "Germany"]
[Date "2011.10.02"]
[Round "1.2"]
[White "Fuchs, Heinz"]
[Black "Bratanov, Zsivko"]
[Result "0-1"]
[WhiteElo "2321"]
[BlackElo "2450"]
[PlyCount "112"]
[EventDate "2011.10.02"]
[EventType "team-tourn"]
[EventRounds "9"]
[EventCountry "GER"]
[SourceTitle "EXT 2015"]
[Source "ChessBase"]
[SourceDate "2014.11.20"]
[SourceVersion "1"]
[SourceVersionDate "2014.11.20"]
[SourceQuality "1"]
[WhiteTeam "Untergrombach"]
[BlackTeam "Schwegenheim"]
[WhiteTeamCountry "GER"]
[BlackTeamCountry "GER"]

1. c4 Nf6 2. Nc3 c6 3. d4 d5 4. cxd5 cxd5 5. Bf4 Nc6 6. Nf3 Nh5 7. Bg5 h6 8. Bh4 g5 9. Bg3 Bg7 10. e3 g4 11. Ne5 Nxg3 12. Nxc6 bxc6 13. hxg3 e5 14. dxe5 Bxe5 15. Rc1 h5 16. b3 Qe7 17. Be2 Bd7 18. Na4 h4 19. Rxh4 Rxh4 20. gxh4 g3 21. f3 Rd8 22. Nc5 Bb2 23. Rc2 Qxe3 24. Rxb2 Qf2+ 25. Kd2 Qxc5 26. Bd3 Qb4+ 27. Kc1 Qxh4 28. Re2+ Be6 29. Kb1 a5 30. Qc2 Kd7 31. Qc5 Qb4 32. Qa7+ Kd6 33. f4 Rh8 34. Kb2 Qc5 35. Qb7 Qd4+ 36. Kc2 Qxf4 37. Qa7 Qb4 38. Kb1 Qc5 39. Qa6 Qd4 40. Kc2 Qc5+ 41. Kb2 Bd7 42. Rc2 Qd4+ 43. Ka3 Rh1 44. Qxa5 Qxd3 45. Qc5+ Ke6 46. Rc3 Qa6+ 47. Kb2 Re1 48. Re3+ Rxe3 49. Qxe3+ Kf6 50. Qf4+ Bf5 51. Qd6+ Be6 52. Qf4+ Ke7 53. Qc7+ Ke8 54. Qxg3 Kd7 55. Qe3 Qa5 56. Qf4 c5 0-1

[Event "Dimitrovgrad op"]
[Site "Dimitrovgrad"]
[Date "2011.09.05"]
[Round "4"]
[White "Bratanov, Zsivko"]
[Black "Dimitrov, Pavel"]
[Result "0-1"]
[WhiteElo "2450"]
[BlackElo "2353"]
[PlyCount "66"]
[EventDate "2011.09.05"]
[EventType "swiss"]
[EventRounds "7"]
[EventCountry "BUL"]
[SourceTitle "CBM 144 Extra"]
[Source "ChessBase"]
[SourceDate "2011.10.28"]
[SourceVersion "1"]
[SourceVersionDate "2011.10.28"]
[SourceQuality "1"]

1. d4 f5 2. Nc3 Nf6 3. Bg5 e6 4. e4 fxe4 5. Nxe4 Be7 6. Bxf6 Bxf6 7. Nf3 d5 8. Nxf6+ Qxf6 9. Bd3 c5 10. c3 Nc6 11. 0-0 0-0 12. dxc5 e5 13. Bb5 Be6 14. Bxc6 bxc6 15. Qa4 Bf5 16. Rad1 Rae8 17. Ne1 Be4 18. b4 Re6 19. f3 Qg5 20. Qb3 Ref6 21. c4 d4 22. Rf2 Qh4 23. Rdd2 Bf5 24. b5 Rh6 25. g3 Qe7 26. Qa3 Bc8 27. Rfe2 Re6 28. Re4 cxb5 29. cxb5 Bb7 30. Ree2 e4 31. Qb3 Kh8 32. c6 Bc8 33. fxe4 Ref6 0-1

[Event "Sunny Beach op 10th"]
[Site "Sunny Beach"]
[Date "2011.09.02"]
[Round "7"]
[White "Bratanov, Zsivko"]
[Black "Doncea, Vladimir"]
[Result "0-1"]
[WhiteElo "2457"]
[BlackElo "2388"]
[PlyCount "108"]
[EventDate "2011.08.27"]
[EventType "swiss"]
[EventRounds "9"]
[EventCountry "BUL"]
[SourceTitle "CBM 144 Extra"]
[Source "ChessBase"]
[SourceDate "2011.10.28"]
[SourceVersion "1"]
[SourceVersionDate "2011.10.28"]
[SourceQuality "1"]

1. d4 d5 2. Nf3 e6 3. c4 Be7 4. Nc3 Nf6 5. Qc2 c5 6. cxd5 cxd4 7. Nxd4 0-0 8. Bg5 h6 9. Bh4 Nxd5 10. Bxe7 Qxe7 11. Nxd5 exd5 12. e3 Nc6 13. Qd2 Nxd4 14. Qxd4 Qe4 15. Bd3 Qxg2 16. 0-0-0 Qg4 17. f4 Qe6 18. Rhg1 f6 19. Kb1 Bd7 20. e4 Bc6 21. Rg6 Be8 22. exd5 Qb6 23. Qxb6 axb6 24. Rg3 Bf7 25. Bc4 Rfd8 26. f5 Rac8 27. Bb3 Rc5 28. Rdg1 g5 29. fxg6 Bxd5 30. g7 Bxb3 31. Rxb3 Rd6 32. h4 Rc7 33. Rbg3 Rdd7 34. Rb3 Rxg7 35. Rxg7+ Kxg7 36. Rxb6 Kg6 37. a4 Rf7 38. Kc2 Kh5 39. Kd3 Kxh4 40. Ke4 Kg4 41. Kd5 Kf5 42. Kd6 h5 43. Rb5+ Kg6 44. Rb4 f5 45. Rf4 Kg5 46. Rf1 f4 47. Ke6 Rf8 48. Ke7 Rh8 49. Rg1+ Kf5 50. a5 h4 51. b4 h3 52. b5 h2 53. Rh1 Rh7+ 54. Kd6 Kg4 0-1

[Event "Teteven op 26th"]
[Site "Teteven"]
[Date "2011.08.17"]
[Round "5"]
[White "Burdarev, Evgeni"]
[Black "Bratanov, Zsivko"]
[Result "0-1"]
[WhiteElo "2012"]
[BlackElo "2457"]
[PlyCount "52"]
[EventDate "2011.08.13"]
[EventType "swiss"]
[EventRounds "9"]
[EventCountry "BUL"]
[SourceTitle "CBM 143 Extra"]
[Source "ChessBase"]
[SourceDate "2011.08.29"]
[SourceVersion "1"]
[SourceVersionDate "2011.08.29"]
[SourceQuality "1"]

1. d4 d6 2. e4 Nf6 3. Nc3 e5 4. dxe5 dxe5 5. Qxd8+ Kxd8 6. Bg5 c6 7. Bc4 Ke8 8. Nge2 Be7 9. 0-0 a5 10. a4 Na6 11. f4 Ng4 12. Bxe7 Kxe7 13. fxe5 Nxe5 14. Bxa6 Rxa6 15. Nd4 Rd8 16. Nf5+ Bxf5 17. Rxf5 f6 18. Rd1 Rxd1+ 19. Nxd1 Rb6 20. b3 Rb4 21. Nc3 Rd4 22. Rf2 Kd6 23. h3 Kc5 24. Re2 Kb4 25. Na2+ Ka3 26. Kf2 Rd7 0-1

[Event "FRA-chT Top 12"]
[Site "Mulhouse"]
[Date "2011.06.04"]
[Round "10.3"]
[White "Bratanov, Zsivko"]
[Black "Terrieux, Kevin"]
[Result "1/2-1/2"]
[WhiteElo "2465"]
[BlackElo "2434"]
[PlyCount "37"]
[EventDate "2011.05.26"]
[EventType "team-tourn"]
[EventRounds "11"]
[EventCountry "FRA"]
[SourceTitle "CBM 142 Extra"]
[Source "ChessBase"]
[SourceDate "2011.06.27"]
[SourceVersion "1"]
[SourceVersionDate "2011.06.27"]
[SourceQuality "1"]
[WhiteTeam "De Rueil Malmaison"]
[BlackTeam "Guingamp"]
[WhiteTeamCountry "FRA"]
[BlackTeamCountry "FRA"]

1. d4 Nf6 2. Nf3 e6 3. Bg5 h6 4. Bh4 b6 5. Nbd2 Bb7 6. e3 c5 7. c3 Be7 8. Bxf6 Bxf6 9. Bd3 Nc6 10. Qe2 0-0 11. Ne4 d5 12. Ng3 e5 13. dxe5 Nxe5 14. Nxe5 Bxe5 15. 0-0 Qh4 16. f4 Bc7 17. Ba6 Bc6 18. Bb5 Bb7 19. Ba6 1/2-1/2

[Event "FRA-chT Top 12"]
[Site "Mulhouse"]
[Date "2011.06.02"]
[Round "8.3"]
[White "Landa, Konstantin"]
[Black "Bratanov, Zsivko"]
[Result "1-0"]
[WhiteElo "2613"]
[BlackElo "2465"]
[PlyCount "81"]
[EventDate "2011.05.26"]
[EventType "team-tourn"]
[EventRounds "11"]
[EventCountry "FRA"]
[SourceTitle "CBM 142 Extra"]
[Source "ChessBase"]
[SourceDate "2011.06.27"]
[SourceVersion "1"]
[SourceVersionDate "2011.06.27"]
[SourceQuality "1"]
[WhiteTeam "Vandoeuvre"]
[BlackTeam "De Rueil Malmaison"]
[WhiteTeamCountry "FRA"]
[BlackTeamCountry "FRA"]

1. e4 d6 2. d4 Nf6 3. Bd3 g6 4. Nf3 Bg7 5. 0-0 0-0 6. c3 c5 7. h3 Nc6 8. d5 Ne5 9. Nxe5 dxe5 10. Be3 b6 11. a4 Ne8 12. a5 Rb8 13. b4 Qc7 14. Nd2 cxb4 15. axb6 axb6 16. c4 f5 17. f3 Nd6 18. Qb3 Nf7 19. Qxb4 Bh6 20. Bxh6 Nxh6 21. Rfb1 Rb7 22. Ra6 Rf6 23. Ra8 Kg7 24. Qb5 Bd7 25. Qb4 Bc8 26. Nb3 Rf8 27. c5 bxc5 28. Qxc5 Qxc5+ 29. Nxc5 Rxb1+ 30. Bxb1 Nf7 31. Ra7 Kf6 32. Bd3 Nd6 33. Ba6 fxe4 34. fxe4 Kg5 35. Rxe7 Bxa6 36. Ne6+ Kf6 37. Rd7 Rc8 38. Rxd6 Rc1+ 39. Kf2 Rc2+ 40. Ke3 Re2+ 41. Kf3 1-0